000 01107nab a2200205 i 4500
001 768714001
003 CO-MdFUSB
005 20240508164546.0
008 240507t1967 sp ||||| |||| 00| 0 spa d
040 _bspa
_cCO-MdFUSB
_dCO-MdFUSB
041 _aspa
100 _aSteemann, Theod.,
_eautor
245 _aAspectos psicológicos y sociológicos del ateísmo moderno
_c/ Theod. Steemann
520 _aEl ateísmo moderno tiende a verse como una desviación del enfoque tradicional hacia la comprensión de Dios, que a menudo se percibe como una oposición al progreso logrado en el desarrollo religioso. Aunque la idea de Dios, conocida como transmisión o fe, puede tener cierta validez cultural, no está claro si Dios puede percibirse como una fuerza que obliga a los humanos a aceptarla.
650 7 _aTeología pastoral
_9227
650 7 _aAteísmo
_97096
773 0 _049450
_982583
_oR2513
_tRevista internacional de teología Concilium
_w(CO-MdFUSB)8
_x0210-1041
_gNúmero 23, (marzo, 1967), páginas: 422 - 438
_qpágina: 422
942 _cANA
945 _aCatherine Arias Alvarez - Practicante SENA
999 _c69569
_d69569